[Event "Liga Vasca 2010 - Division de Honor"]
[Site "Euskadi ESP"]
[Date "2010.02.20"]
[Round "6.34"]
[White "Segovia Sanchez, Antonio"]
[Black "Alonso Arburu, Jose Maria"]
[Result "1-0"]
[WhiteElo "1998"]
[BlackElo "2101"]
[PlyCount "89"]
[EventDate "2010.01.09"]
[EventType "team"]
[EventRounds "9"]
[EventCountry "ESP"]
[Source "lmi"]
[SourceDate "2010.01.09"]

1. d4 Nf6 2. Bf4 e6 3. c3 c5 4. e3 Nc6 5. Nd2 b6 6. h3 Bb7 7. Ngf3 Be7 8. Bd3
cxd4 9. exd4 d6 10. Qe2 O-O 11. O-O Re8 12. Rfe1 Bf8 13. Bh2 Qd7 14. Ne4 Nxe4
15. Bxe4 g6 16. Bc2 Rac8 17. Ba4 Qe7 18. Qd2 d5 19. Ne5 Nxe5 20. Bxe5 Red8 21.
Bb5 a6 22. Bd3 b5 23. b4 Rc6 24. a4 bxa4 25. Rxa4 Rdc8 26. Rc1 f6 27. Bg3 e5
28. dxe5 fxe5 29. Ra5 Re6 30. Be2 Rb6 31. Bg4 Re8 32. Qe3 d4 33. Qxe5 Qxe5 34.
Rxe5 Rxe5 35. Bxe5 dxc3 36. Rxc3 h5 37. Be2 Bxb4 38. Rc7 Bd5 39. Bd3 Re6 40. f4
a5 41. Bc2 Bf8 42. Kh2 Re7 43. Rc8 Re6 44. Rd8 Rc6 45. Ba4 1-0

[Event "Liga Vasca 2010 - Division de Honor"]
[Site "Euskadi ESP"]
[Date "2010.02.20"]
[Round "6.41"]
[White "Miguel Quintero, Francisco"]
[Black "Lozoya Rodriguez, Alberto"]
[Result "1/2-1/2"]
[WhiteElo "2258"]
[BlackElo "2221"]
[PlyCount "35"]
[EventDate "2010.01.09"]
[EventType "team"]
[EventRounds "9"]
[EventCountry "ESP"]
[Source "lmi"]
[SourceDate "2010.01.09"]

1. g3 d5 2. Bg2 Nf6 3. d3 e5 4. Nf3 Bd6 5. Nc3 c6 6. O-O O-O 7. e4 dxe4 8. Nxe4
Nxe4 9. dxe4 Qe7 10. Qe2 Na6 11. Rd1 Bg4 12. h3 Bh5 13. g4 Bg6 14. Nh4 Qxh4 15.
Rxd6 Nc5 16. Be3 Ne6 17. Rd7 b6 18. c3 1/2-1/2

[Event "Liga Vasca 2010 - Division de Honor"]
[Site "Euskadi ESP"]
[Date "2010.02.20"]
[Round "6.42"]
[White "Hernandez Izaguirre, Eder"]
[Black "Miguel Quintero, Antonio"]
[Result "1/2-1/2"]
[WhiteElo "2106"]
[BlackElo "2181"]
[PlyCount "34"]
[EventDate "2010.01.09"]
[EventType "team"]
[EventRounds "9"]
[EventCountry "ESP"]
[Source "lmi"]
[SourceDate "2010.01.09"]

1. c4 g6 2. g3 Bg7 3. Bg2 c5 4. Nc3 Nf6 5. e4 d6 6. Nge2 Nc6 7. O-O O-O 8. d3
Nd4 9. Nxd4 cxd4 10. Ne2 e5 11. b4 a5 12. Bd2 axb4 13. Bxb4 Qb6 14. Qb3 Be6 15.
Rfb1 Qc7 16. a4 Rfb8 17. Bd2 Nd7 1/2-1/2

[Event "Liga Vasca 2010 - Division de Honor"]
[Site "Euskadi ESP"]
[Date "2010.02.20"]
[Round "6.43"]
[White "Alcaide Luque, Aitor"]
[Black "Carasa del Portillo, Mikel"]
[Result "1/2-1/2"]
[WhiteElo "2144"]
[BlackElo "2043"]
[PlyCount "32"]
[EventDate "2010.01.09"]
[EventType "team"]
[EventRounds "9"]
[EventCountry "ESP"]
[Source "lmi"]
[SourceDate "2010.01.09"]

1. d4 d5 2. c4 c6 3. Nc3 dxc4 4. e4 b5 5. a4 b4 6. Nce2 Nf6 7. Ng3 e5 8. Nf3
Bg4 9. dxe5 Qxd1+ 10. Kxd1 Nfd7 11. Bxc4 Nxe5 12. Be2 Nbd7 13. Nxe5 Nxe5 14.
Bxg4 Nxg4 15. Ke2 O-O-O 16. Bf4 g6 1/2-1/2

[Event "Liga Vasca 2010 - Division de Honor"]
[Site "Euskadi ESP"]
[Date "2010.02.20"]
[Round "6.44"]
[White "Urbieta Gabancho, Koldo"]
[Black "Alcaide Rodriguez, Mikel"]
[Result "1/2-1/2"]
[WhiteElo "1983"]
[BlackElo "1794"]
[PlyCount "72"]
[EventDate "2010.01.09"]
[EventType "team"]
[EventRounds "9"]
[EventCountry "ESP"]
[Source "lmi"]
[SourceDate "2010.01.09"]

1. Nf3 Nf6 2. c4 c6 3. b3 d5 4. Bb2 Nbd7 5. g3 g6 6. Bg2 Bg7 7. O-O O-O 8. d3
Re8 9. Nbd2 e5 10. e4 d4 11. b4 a5 12. a3 Qe7 13. Qb3 c5 14. bxa5 Rxa5 15. Rfb1
Nb8 16. Qb6 Ra6 17. Qb5 Qc7 18. Bc1 Ree6 19. Qb3 Reb6 20. Qc2 Bd7 21. Rxb6 Rxb6
22. Rb1 Ne8 23. Rb2 Nd6 24. Qb1 Rxb2 25. Qxb2 Nc6 26. Nb3 b6 27. Bd2 Qa7 28.
Nh4 Na5 29. Nxa5 bxa5 30. f4 f6 31. fxe5 fxe5 32. Nf3 a4 33. Bg5 Qb7 34. Qxb7
Nxb7 35. Kf2 Na5 36. Ke1 Kf7 1/2-1/2

[Event "Liga Vasca 2010 - Division de Honor"]
[Site "Euskadi ESP"]
[Date "2010.02.20"]
[Round "6.51"]
[White "Conquest, Stuart C"]
[Black "Montoya Irigoyen, Iñigo"]
[Result "1-0"]
[WhiteElo "2551"]
[BlackElo "2083"]
[PlyCount "109"]
[EventDate "2010.01.09"]
[EventType "team"]
[EventRounds "9"]
[EventCountry "ESP"]
[Source "lmi"]
[SourceDate "2010.01.09"]

1. d4 Nf6 2. c4 e6 3. Nc3 Bb4 4. e3 b6 5. Nge2 c5 6. a3 Ba5 7. Rb1 Na6 8. Ng3
Bb7 9. Bd2 Qe7 10. d5 Nc7 11. Be2 O-O 12. O-O exd5 13. b4 cxb4 14. axb4 Bxb4
15. Rxb4 Qxb4 16. Nxd5 Ncxd5 17. Bxb4 Nxb4 18. Qd6 Na6 19. Nf5 Nc5 20. Ne7+ Kh8
21. f3 Rfe8 22. Rd1 Rad8 23. Ra1 Ra8 24. Ra3 Ba6 25. Nf5 Re6 26. Qg3 Ne8 27. e4
Rc8 28. Bf1 Rd8 29. Qg5 Ra8 30. Ra2 Bb7 31. Nd4 Rg6 32. Qe7 Kg8 33. Rxa7 Rc8
34. Nf5 Bc6 35. Qh4 Rb8 36. Ne7+ Kf8 37. Qf4 Rd8 38. Nxg6+ hxg6 39. Qe5 f6 40.
Qg3 Kf7 41. h4 Rc8 42. Be2 Ne6 43. Ra6 N8c7 44. Rxb6 Nd4 45. Bd3 Nce6 46. Rb8
Rc7 47. Qf2 Bb7 48. Qb2 Bc6 49. Qb6 d6 50. Qa5 Re7 51. Bb1 Nc5 52. Qd8 Ke6 53.
Qc8+ Nd7 54. Kf2 f5 55. Ke3 1-0

[Event "Liga Vasca 2010 - Division de Honor"]
[Site "Euskadi ESP"]
[Date "2010.02.20"]
[Round "6.52"]
[White "Sola Plaza, Gregorio"]
[Black "Del Rio Angelis, Salvador Gabriel"]
[Result "0-1"]
[WhiteElo "2042"]
[BlackElo "2544"]
[PlyCount "106"]
[EventDate "2010.01.09"]
[EventType "team"]
[EventRounds "9"]
[EventCountry "ESP"]
[Source "lmi"]
[SourceDate "2010.01.09"]

1. d4 d5 2. c4 c6 3. Nf3 Nf6 4. e3 g6 5. b3 Bg7 6. Bd3 c5 7. Nc3 O-O 8. Bb2
cxd4 9. exd4 Nc6 10. h3 dxc4 11. Bxc4 b6 12. O-O Bb7 13. Qe2 e6 14. Rad1 Re8
15. Rfe1 Nb4 16. Ne5 Nbd5 17. Nxd5 Nxd5 18. Qd2 Qh4 19. Bf1 Bh6 20. Qe2 Rac8
21. g3 Qe7 22. Bg2 Rc7 23. Ng4 Bg7 24. Rc1 Rec8 25. Rxc7 Rxc7 26. Qd2 Qb4 27.
Qe2 Rc2 28. Qxc2 Qxe1+ 29. Kh2 h5 30. Ne5 h4 31. Nf3 hxg3+ 32. fxg3 Qe3 33. Bc1
Qc3 34. Qxc3 Nxc3 35. a3 Bd5 36. b4 Nb5 37. Bb2 Nd6 38. Bc1 Nf5 39. Bd2 b5 40.
g4 Nxd4 41. Nxd4 Be5+ 42. Kh1 Bxg2+ 43. Kxg2 Bxd4 44. Bc1 f5 45. Kf3 Kf7 46.
Ke2 fxg4 47. hxg4 Kf6 48. Kd3 Ke5 49. Bh6 Kd5 50. Bg5 e5 51. Bd2 e4+ 52. Kc2
Kc4 53. Be1 e3 0-1

[Event "Liga Vasca 2010 - Division de Honor"]
[Site "Euskadi ESP"]
[Date "2010.02.20"]
[Round "6.53"]
[White "Romero Holmes, Alfonso"]
[Black "Garjon Modrego, Miguel"]
[Result "1-0"]
[WhiteElo "2515"]
[BlackElo "1901"]
[PlyCount "67"]
[EventDate "2010.01.09"]
[EventType "team"]
[EventRounds "9"]
[EventCountry "ESP"]
[Source "lmi"]
[SourceDate "2010.01.09"]

1. c4 Nf6 2. Nc3 d6 3. e4 g6 4. Nge2 Bg7 5. d3 c6 6. g3 e5 7. Bg2 O-O 8. h3 Ne8
9. Be3 f5 10. Qd2 Be6 11. b3 Qa5 12. exf5 Bxf5 13. d4 Na6 14. O-O Rd8 15. a3
Qc7 16. b4 Qc8 17. g4 Bd7 18. d5 c5 19. Ne4 cxb4 20. axb4 Qxc4 21. Rfc1 Qxb4
22. Qd1 Rc8 23. Rcb1 Qc4 24. Rxb7 Rc7 25. Nd2 Qd3 26. Rb3 e4 27. Rxd3 exd3 28.
Nd4 Nc5 29. Ne4 Be5 30. Nxc5 dxc5 31. Nc6 Bxa1 32. Qxa1 Bxc6 33. dxc6 c4 34.
Bd5+ 1-0

[Event "Liga Vasca 2010 - Division de Honor"]
[Site "Euskadi ESP"]
[Date "2010.02.27"]
[Round "7.11"]
[White "Montoya Irigoyen, Iñigo"]
[Black "Franco Alonso, Alejandro"]
[Result "0-1"]
[WhiteElo "2083"]
[BlackElo "2472"]
[PlyCount "70"]
[EventDate "2010.01.09"]
[EventType "team"]
[EventRounds "9"]
[EventCountry "ESP"]
[Source "lmi"]
[SourceDate "2010.01.09"]

1. c4 e5 2. g3 Nf6 3. Bg2 d5 4. cxd5 Nxd5 5. Nc3 Nb6 6. Nf3 Nc6 7. O-O Be7 8.
a3 O-O 9. b4 Be6 10. d3 f6 11. Bb2 Qd7 12. Rc1 Nd4 13. Nd2 c6 14. e3 Nf5 15.
Nde4 Rad8 16. Nc5 Bxc5 17. bxc5 Nc8 18. Qa4 Qf7 19. Be4 Nfe7 20. Qb4 Rd7 21. d4
exd4 22. exd4 Rfd8 23. Rcd1 Nd5 24. Nxd5 Bxd5 25. Rfe1 Ne7 26. Qa5 a6 27. Rd2
Bxe4 28. Rxe4 Nd5 29. Rde2 f5 30. Re5 f4 31. Qe1 Rf8 32. Re8 Rd8 33. R8e6 Ne3
34. d5 Rxd5 35. fxe3 f3 0-1

[Event "Liga Vasca 2010 - Division de Honor"]
[Site "Euskadi ESP"]
[Date "2010.02.27"]
[Round "7.13"]
[White "Hernandez Zorzano, Fernando"]
[Black "Gonzalez de la Torre, Santiago"]
[Result "0-1"]
[WhiteElo "1747"]
[BlackElo "2405"]
[PlyCount "66"]
[EventDate "2010.01.09"]
[EventType "team"]
[EventRounds "9"]
[EventCountry "ESP"]
[Source "lmi"]
[SourceDate "2010.01.09"]

1. d4 d5 2. Nf3 Nf6 3. Bg5 Ne4 4. Bf4 c5 5. e3 Nc6 6. Bd3 f6 7. O-O Bg4 8. c4
e6 9. h3 Bh5 10. Be2 Be7 11. Nfd2 Bxe2 12. Qxe2 cxd4 13. Nxe4 dxe4 14. Qh5+ g6
15. Qb5 Qd7 16. Rd1 e5 17. Bh2 a6 18. Qa4 Qe6 19. exd4 exd4 20. Rxd4 b5 21.
cxb5 Nxd4 22. Qxd4 Rd8 23. Qa4 axb5 24. Qxb5+ Kf7 25. Nc3 Rd4 26. a3 Rhd8 27.
Bf4 Qc4 28. Qb7 R8d7 29. Qb8 g5 30. Be3 Qxc3 31. bxc3 Rd1+ 32. Rxd1 Rxd1+ 33.
Kh2 Bd6+ 0-1

[Event "Liga Vasca 2010 - Division de Honor"]
[Site "Euskadi ESP"]
[Date "2010.02.27"]
[Round "7.14"]
[White "Argandoña Rivero, Iñigo"]
[Black "Diaz Redondo, Isidro"]
[Result "1-0"]
[WhiteElo "2382"]
[BlackElo "1681"]
[PlyCount "39"]
[EventDate "2010.01.09"]
[EventType "team"]
[EventRounds "9"]
[EventCountry "ESP"]
[Source "lmi"]
[SourceDate "2010.01.09"]

1. Nf3 d5 2. d4 g6 3. c4 Bg7 4. cxd5 Qxd5 5. Nc3 Qd6 6. e4 e5 7. Nxe5 Bxe5 8.
dxe5 Qxe5 9. Qd5 Qe7 10. Bg5 f6 11. Bf4 c6 12. Qd2 Qd7 13. Qe3 Qg7 14. O-O-O
Be6 15. Nd5 cxd5 16. exd5 Ne7 17. Qxe6 Nd7 18. Bb5 O-O-O 19. Kb1 Rhe8 20. Rc1+
1-0

[Event "Liga Vasca 2010 - Division de Honor"]
[Site "Euskadi ESP"]
[Date "2010.02.27"]
[Round "7.21"]
[White "Lozoya Rodriguez, Alberto"]
[Black "Istratescu, Andrei"]
[Result "0-1"]
[WhiteElo "2221"]
[BlackElo "2624"]
[PlyCount "52"]
[EventDate "2010.01.09"]
[EventType "team"]
[EventRounds "9"]
[EventCountry "ESP"]
[Source "lmi"]
[SourceDate "2010.01.09"]

1. c4 e5 2. g3 Nf6 3. Bg2 Nc6 4. Nc3 Bb4 5. Nd5 Bc5 6. e3 O-O 7. Ne2 Nxd5 8.
cxd5 Ne7 9. O-O d6 10. b3 a5 11. Bb2 Bb6 12. d4 f6 13. h3 Qe8 14. Kh2 a4 15. e4
axb3 16. axb3 Rxa1 17. Bxa1 Qh5 18. Qd2 Ng6 19. f4 Bg4 20. Ng1 Qh6 21. Bc3 exf4
22. gxf4 Bd7 23. Rf3 Re8 24. Qc2 Nh4 25. Rf2 Nxg2 26. Kxg2 Qg6+ 0-1

[Event "Liga Vasca 2010 - Division de Honor"]
[Site "Euskadi ESP"]
[Date "2010.02.27"]
[Round "7.22"]
[White "Edouard, Romain"]
[Black "Hernandez Izaguirre, Eder"]
[Result "1-0"]
[WhiteElo "2608"]
[BlackElo "2106"]
[PlyCount "45"]
[EventDate "2010.01.09"]
[EventType "team"]
[EventRounds "9"]
[EventCountry "ESP"]
[Source "lmi"]
[SourceDate "2010.01.09"]

1. e4 d5 2. exd5 Qxd5 3. Nc3 Qa5 4. d4 Nf6 5. Nf3 c6 6. Bc4 Nbd7 7. Bd2 Qc7 8.
Qe2 Nb6 9. Bb3 e6 10. Ne5 Bd6 11. O-O-O O-O 12. f4 Nbd5 13. Ne4 Nxe4 14. Qxe4
f5 15. Qf3 Bxe5 16. fxe5 a5 17. a3 b5 18. g4 Bd7 19. h4 a4 20. Ba2 f4 21. Bb4
c5 22. Bxd5 Rac8 23. dxc5 1-0

[Event "Liga Vasca 2010 - Division de Honor"]
[Site "Euskadi ESP"]
[Date "2010.02.27"]
[Round "7.23"]
[White "Fernandez Lopategi, Jon Andoni"]
[Black "Del Rio Angelis, Salvador Gabriel"]
[Result "0-1"]
[WhiteElo "2066"]
[BlackElo "2544"]
[PlyCount "62"]
[EventDate "2010.01.09"]
[EventType "team"]
[EventRounds "9"]
[EventCountry "ESP"]
[Source "lmi"]
[SourceDate "2010.01.09"]

1. Nf3 Nf6 2. d4 e6 3. c4 b6 4. g3 Ba6 5. b3 Bb4+ 6. Bd2 Be7 7. Bg2 Bb7 8. O-O
O-O 9. Nc3 d5 10. cxd5 exd5 11. Rc1 Na6 12. Bg5 h6 13. Bf4 Re8 14. Ne5 c5 15.
Nb5 Bf8 16. Nd3 Ne4 17. Be3 Qd7 18. a4 Qf5 19. dxc5 bxc5 20. g4 Qd7 21. Bxe4
dxe4 22. Nxc5 Qxg4+ 23. Kh1 Bxc5 24. Bxc5 Nxc5 25. Rxc5 Rad8 26. Qe1 Re6 27.
Rc3 Rd3 28. Rc7 Rg6 29. Rg1 e3+ 30. Rxb7 exf2 31. Qxf2 Qe4+ 0-1

[Event "Liga Vasca 2010 - Division de Honor"]
[Site "Euskadi ESP"]
[Date "2010.02.27"]
[Round "7.24"]
[White "Gomez Esteban, Juan Mario"]
[Black "Carasa del Portillo, Mikel"]
[Result "1-0"]
[WhiteElo "2490"]
[BlackElo "2043"]
[PlyCount "81"]
[EventDate "2010.01.09"]
[EventType "team"]
[EventRounds "9"]
[EventCountry "ESP"]
[Source "lmi"]
[SourceDate "2010.01.09"]

1. d4 d5 2. c4 c6 3. Nc3 dxc4 4. e4 b5 5. a4 b4 6. Na2 Nf6 7. e5 Nd5 8. Bxc4 e6
9. Nf3 Be7 10. O-O O-O 11. Qe2 a5 12. Be3 Ba6 13. Nc1 Qb6 14. Nb3 Nd7 15. Bg5
Bxc4 16. Qxc4 Rfc8 17. Bxe7 Nxe7 18. Rfc1 Ra7 19. Ng5 h6 20. Ne4 Nf5 21. Nbc5
Nxc5 22. dxc5 Qa6 23. Qxa6 Rxa6 24. Rd1 Rc7 25. Rd8+ Kh7 26. Rad1 Raa7 27. R1d3
Ne7 28. Nd6 Nd5 29. g3 Kg6 30. Kg2 Rd7 31. Re8 Re7 32. Rh8 Red7 33. f4 Rac7 34.
Kf3 f5 35. h3 Ra7 36. g4 Ne7 37. Rd2 Rdc7 38. Rg2 fxg4+ 39. Rxg4+ Kh5 40. Kg3
Nf5+ 41. Nxf5 1-0

[Event "Liga Vasca 2010 - Division de Honor"]
[Site "Euskadi ESP"]
[Date "2010.02.27"]
[Round "7.31"]
[White "Hernandez, Elvis"]
[Black "Miguel Quintero, Francisco"]
[Result "1/2-1/2"]
[WhiteElo "2275"]
[BlackElo "2258"]
[PlyCount "131"]
[EventDate "2010.01.09"]
[EventType "team"]
[EventRounds "9"]
[EventCountry "ESP"]
[Source "lmi"]
[SourceDate "2010.01.09"]

1. e4 g6 2. d4 Bg7 3. Nc3 d6 4. Be3 Nc6 5. Qd2 e5 6. Nge2 Nge7 7. O-O-O O-O 8.
Bh6 f5 9. Bxg7 Kxg7 10. dxe5 Nxe5 11. f4 N5c6 12. e5 dxe5 13. Qe3 Qe8 14. Nb5
Qf7 15. Nxc7 Rb8 16. Nc3 Ng8 17. N7b5 a6 18. Nd6 Qe7 19. Nxc8 Rbxc8 20. Nd5 Qe6
21. Nb6 Rcd8 22. Bc4 Qe7 23. Nd5 Qd6 24. Qb6 Rf7 25. g3 Rfd7 26. c3 Nf6 27. Bb3
Nxd5 28. Rxd5 Qe7 29. Rxd7 Rxd7 30. Qe3 e4 31. Rd1 Na5 32. Bd5 Qf6 33. Qc5 Nc6
34. Qe3 Ne7 35. Bb3 Rxd1+ 36. Kxd1 Qd6+ 37. Ke2 h6 38. Bc2 b6 39. a3 Kf6 40. h4
a5 41. b4 axb4 42. cxb4 Nc6 43. Qc3+ Ke7 44. Ke3 Kd8 45. Bb3 Na7 46. Bc4 Nc6
47. Bb3 g5 48. hxg5 hxg5 49. Qc4 gxf4+ 50. gxf4 Qg6 51. Qg8+ Qxg8 52. Bxg8 Ke7
53. Bd5 Kd6 54. Bf7 Ne7 55. Kd4 b5 56. Be8 Nc6+ 57. Kc3 Ne7 58. Bxb5 Nd5+ 59.
Kd4 Nxf4 60. Bf1 Ne6+ 61. Kc4 f4 62. b5 f3 63. a4 e3 64. Kd3 e2 65. Bxe2 Nf4+
66. Kd2 1/2-1/2

[Event "Liga Vasca 2010 - Division de Honor"]
[Site "Euskadi ESP"]
[Date "2010.02.27"]
[Round "7.32"]
[White "Miguel Quintero, Antonio"]
[Black "Sanz Perez, Eduardo"]
[Result "1/2-1/2"]
[WhiteElo "2181"]
[BlackElo "2149"]
[PlyCount "42"]
[EventDate "2010.01.09"]
[EventType "team"]
[EventRounds "9"]
[EventCountry "ESP"]
[Source "lmi"]
[SourceDate "2010.01.09"]

1. e4 e6 2. d4 d5 3. Nd2 c5 4. exd5 Qxd5 5. Ngf3 cxd4 6. Bc4 Qd6 7. O-O Nc6 8.
Nb3 Nf6 9. Nbxd4 Nxd4 10. Nxd4 a6 11. Bb3 Be7 12. c3 O-O 13. Bg5 Qc5 14. Be3
Nd5 15. Qf3 Nxe3 16. Qxe3 e5 17. Nc2 Bf5 18. Rfe1 Bxc2 19. Bxc2 Qxe3 20. Rxe3
f6 21. Rd1 Rfd8 1/2-1/2

[Event "Liga Vasca 2010 - Division de Honor"]
[Site "Euskadi ESP"]
[Date "2010.02.27"]
[Round "7.33"]
[White "Lakunza Oyarbide, Juan Carlos"]
[Black "Alcaide Luque, Aitor"]
[Result "0-1"]
[WhiteElo "2137"]
[BlackElo "2144"]
[PlyCount "48"]
[EventDate "2010.01.09"]
[EventType "team"]
[EventRounds "9"]
[EventCountry "ESP"]
[Source "lmi"]
[SourceDate "2010.01.09"]

1. d4 e6 2. c4 d5 3. Nf3 c5 4. cxd5 exd5 5. g3 Nc6 6. Bg2 Nf6 7. O-O Be7 8. Nc3
O-O 9. Bg5 Bf5 10. dxc5 d4 11. Na4 Be4 12. Qb3 Qd7 13. Rfd1 Bd5 14. Qa3 b5 15.
Nxd4 Bxg2 16. Nxb5 Qh3 17. Bxf6 Bxf6 18. f3 Rae8 19. Nac3 Bg5 20. Rd3 Be3+ 21.
Rxe3 Rxe3 22. Kf2 Rfe8 23. Nd6 Bxf3 24. Nxe8 Rxe2+ 0-1

[Event "Liga Vasca 2010 - Division de Honor"]
[Site "Euskadi ESP"]
[Date "2010.02.27"]
[Round "7.34"]
[White "Alcaide Rodriguez, Mikel"]
[Black "Segovia Sanchez, Antonio"]
[Result "0-1"]
[WhiteElo "1794"]
[BlackElo "1998"]
[PlyCount "86"]
[EventDate "2010.01.09"]
[EventType "team"]
[EventRounds "9"]
[EventCountry "ESP"]
[Source "lmi"]
[SourceDate "2010.01.09"]

1. d4 Nf6 2. c4 e6 3. Nf3 d5 4. Nc3 Be7 5. Bg5 c6 6. cxd5 exd5 7. Qc2 O-O 8. e3
Be6 9. Bd3 h6 10. Bh4 Nbd7 11. O-O Ne8 12. Bxe7 Qxe7 13. Ne5 Nxe5 14. dxe5 f6
15. exf6 Nxf6 16. Ne2 Ng4 17. Nf4 Ne5 18. Bh7+ Kh8 19. Bg6 Rf6 20. Bh5 Bf5 21.
Qc3 Raf8 22. Be2 Be4 23. f3 Bh7 24. Rae1 Re8 25. Bd3 Nxd3 26. Nxd3 Rf7 27. Nf2
Qg5 28. Nh3 Qh4 29. Nf4 Rfe7 30. Re2 Qg5 31. Rfe1 Bf5 32. Kf2 Qh4+ 33. Kg1 Qg5
34. Kf2 Re5 35. Kg1 Qe7 36. Kf2 Kh7 37. Nd3 d4 38. Qd2 dxe3+ 39. Rxe3 Rxe3 40.
Rxe3 Qh4+ 41. Kg1 Qd4 42. Kf2 Rxe3 43. Qxe3 Qxd3 0-1

[Event "Liga Vasca 2010 - Division de Honor"]
[Site "Euskadi ESP"]
[Date "2010.02.27"]
[Round "7.41"]
[White "Iruzubieta Villaluenga, Jesus M"]
[Black "Alonso Arburu, Juan Ignacio"]
[Result "0-1"]
[WhiteElo "2416"]
[BlackElo "2372"]
[PlyCount "148"]
[EventDate "2010.01.09"]
[EventType "team"]
[EventRounds "9"]
[EventCountry "ESP"]
[Source "lmi"]
[SourceDate "2010.01.09"]

1. e4 e5 2. Nf3 Nc6 3. Nc3 g6 4. d4 exd4 5. Nxd4 Bg7 6. Be3 Nf6 7. Qd2 O-O 8.
O-O-O Re8 9. f3 d5 10. Nxc6 bxc6 11. Bg5 Qd6 12. exd5 Rb8 13. Qf4 Qxf4+ 14.
Bxf4 Nxd5 15. Bd2 Be6 16. Na4 Nb4 17. Bxb4 Rxb4 18. b3 Bh6+ 19. Kb2 Bf8 20. c3
Rb5 21. Bd3 Reb8 22. c4 Rb4 23. Kc2 f5 24. Rhe1 Kf7 25. Re2 Bd6 26. Rde1 Bd7
27. c5 Bf8 28. Bc4+ Rxc4+ 29. bxc4 Rb4 30. Nb2 f4 31. Nd3 Bf5 32. Kc3 Ra4 33.
Kb3 Ra5 34. Ne5+ Kf6 35. Nxc6 Rxc5 36. Nb4 c6 37. Re8 Bd6 38. Ra8 Be6 39. Rc1
Rb5 40. a3 a5 41. Ka4 Rg5 42. Rxa5 Rxg2 43. Ra6 Rf2 44. Rd1 Bf8 45. Rxc6 Kf5
46. Rd8 Be7 47. Re8 Bxb4 48. Kxb4 Bd7 49. Rf8+ Kg5 50. Rd6 Bf5 51. a4 Rxf3 52.
a5 Rf1 53. a6 Ra1 54. Kb5 f3 55. Rd2 Kf4 56. Rb2 Ke3 57. Kb6 f2 58. Rxf2 Kxf2
59. a7 Kg2 60. h4 Be4 61. c5 Rb1+ 62. Ka6 Kg3 63. Rb8 Ra1+ 64. Kb6 Kxh4 65. Re8
Bh1 66. Re7 h5 67. c6 Bxc6 68. Kxc6 g5 69. Kd5 g4 70. Ke4 Kh3 71. Kf4 g3 72.
Rg7 h4 73. Kf3 Ra3+ 74. Ke4 g2 0-1

[Event "Liga Vasca 2010 - Division de Honor"]
[Site "Euskadi ESP"]
[Date "2010.02.27"]
[Round "7.42"]
[White "Cruz-Lopez Claret, Carlos"]
[Black "Ruiz Gomez, Alejandro"]
[Result "1/2-1/2"]
[WhiteElo "2318"]
[BlackElo "2357"]
[PlyCount "67"]
[EventDate "2010.01.09"]
[EventType "team"]
[EventRounds "9"]
[EventCountry "ESP"]
[Source "lmi"]
[SourceDate "2010.01.09"]

1. d4 f5 2. g3 Nf6 3. Bg2 d6 4. Nf3 g6 5. O-O Bg7 6. c4 O-O 7. Nc3 Nc6 8. d5
Na5 9. Qa4 b6 10. Nd2 Bd7 11. Qc2 c5 12. b3 a6 13. Bb2 b5 14. e4 Rb8 15. cxb5
axb5 16. Nd1 f4 17. gxf4 Nh5 18. Bxg7 Kxg7 19. f5 gxf5 20. Ne3 fxe4 21. Kh1 b4
22. Bxe4 Nf6 23. Rg1+ Kh8 24. Rg3 Rg8 25. Rag1 Rxg3 26. Rxg3 Qf8 27. Bf5 Qh6
28. Nf3 Rf8 29. h4 Be8 30. Qb2 Bh5 31. Bg4 Bg6 32. Bf5 Bh5 33. Bg4 Bg6 34. Bf5
1/2-1/2

[Event "Liga Vasca 2010 - Division de Honor"]
[Site "Euskadi ESP"]
[Date "2010.02.27"]
[Round "7.43"]
[White "Limeres Guiance, Cristobal"]
[Black "Serras Uria, Antonio"]
[Result "1/2-1/2"]
[WhiteElo "2250"]
[BlackElo "2206"]
[PlyCount "90"]
[EventDate "2010.01.09"]
[EventType "team"]
[EventRounds "9"]
[EventCountry "ESP"]
[Source "lmi"]
[SourceDate "2010.01.09"]

1. d4 d5 2. c4 e6 3. Nc3 c5 4. cxd5 exd5 5. Nf3 Nc6 6. g3 cxd4 7. Nxd4 Qb6 8.
e3 Nf6 9. Bg2 Bg4 10. f3 Bd7 11. O-O Be7 12. f4 O-O 13. Kh1 Rad8 14. a3 Nxd4
15. exd4 Bf5 16. b4 Ne4 17. Na4 Qg6 18. Nc5 b6 19. Nxe4 Bxe4 20. Ra2 Rd7 21.
Qa4 Rfd8 22. f5 Bxf5 23. Bf4 Be4 24. Rc1 Bd6 25. Kg1 h6 26. Bxd6 Rxd6 27. Re2
Bxg2 28. Kxg2 Qg4 29. Qd1 Re6 30. Rxe6 Qxd1 31. Rxd1 fxe6 32. Rc1 Rd7 33. Kf3
Kf7 34. Kf4 Kf6 35. h4 Rf7 36. g4 Ke7+ 37. Ke3 Kd7 38. b5 g5 39. hxg5 hxg5 40.
Rh1 Kd6 41. Rh5 Rg7 42. a4 Ke7 43. Kd3 Kf6 44. Rh6+ Kf7 45. Ke3 Ke7 1/2-1/2

[Event "Liga Vasca 2010 - Division de Honor"]
[Site "Euskadi ESP"]
[Date "2010.02.27"]
[Round "7.44"]
[White "Alonso Arburu, Jose Maria"]
[Black "Gete Rodriguez, Isidro"]
[Result "0-1"]
[WhiteElo "2101"]
[BlackElo "2132"]
[PlyCount "96"]
[EventDate "2010.01.09"]
[EventType "team"]
[EventRounds "9"]
[EventCountry "ESP"]
[Source "lmi"]
[SourceDate "2010.01.09"]

1. c4 c6 2. Nf3 Nf6 3. g3 d5 4. b3 Bf5 5. Bg2 e6 6. O-O Nbd7 7. Nc3 h6 8. d3
Be7 9. Bb2 O-O 10. Re1 Bh7 11. e4 dxe4 12. Nxe4 Nxe4 13. dxe4 Nc5 14. Qc2 Qd3
15. Qc1 Rad8 16. Bd4 Bxe4 17. Bxc5 Bxc5 18. Ne5 Qc2 19. Rxe4 Qxf2+ 20. Kh1 Rd2
21. Qf1 Rfd8 22. Qxf2 Rxf2 23. Rf4 Rdd2 24. Rxf2 Rxf2 25. Nd3 Bd4 26. Nxf2 Bxa1
27. Kg1 f5 28. Kf1 Kf7 29. Ke2 e5 30. b4 e4 31. Nd1 Kf6 32. Kd2 Bd4 33. Ne3 g5
34. Bh3 f4 35. Nf5 Bg1 36. Nxh6 f3 37. Ng4+ Ke7 38. Bf1 Kd6 39. h4 gxh4 40.
gxh4 Ke6 41. Bh3 Kf5 42. h5 Kf4 43. h6 Bd4 44. Ne3 Bxe3+ 45. Kc3 Ke5 46. h7
Bd4+ 47. Kd2 Kf4 48. c5 e3+ 0-1

[Event "Liga Vasca 2010 - Division de Honor"]
[Site "Euskadi ESP"]
[Date "2010.02.27"]
[Round "7.51"]
[White "Astasio Lopez, David"]
[Black "Garbisu de Goñi, Unai"]
[Result "1/2-1/2"]
[WhiteElo "2303"]
[BlackElo "2458"]
[PlyCount "66"]
[EventDate "2010.01.09"]
[EventType "team"]
[EventRounds "9"]
[EventCountry "ESP"]
[Source "lmi"]
[SourceDate "2010.01.09"]

1. d4 f5 2. Nc3 Nf6 3. Bg5 d5 4. Bxf6 exf6 5. e3 Be6 6. Qf3 Qd7 7. Bb5 c6 8.
Bd3 g6 9. Nge2 Bf7 10. h3 h5 11. O-O-O h4 12. g4 hxg3 13. Nxg3 Rh4 14. Kb1 Qc7
15. Nce2 Bd6 16. Nf4 Bxf4 17. exf4 Nd7 18. Rde1+ Kf8 19. Ne2 Re8 20. Qg3 Rh5
21. h4 Nb6 22. Reg1 Qe7 23. Qg2 Nc4 24. a3 Nxa3+ 25. bxa3 Qxa3 26. Rh3 Qb4+ 27.
Kc1 c5 28. dxc5 d4 29. Rg3 Rxh4 30. Rxg6 Rxe2 31. Bxe2 Qa3+ 32. Kd1 Qa1+ 33.
Kd2 Qc3+ 1/2-1/2